| 000 | 00737nam a22002057a 4500 | ||
|---|---|---|---|
| 999 |
_c181143 _d181143 |
||
| 005 | 20210902145539.0 | ||
| 010 | _aB-741372 | ||
| 020 |
_a9788126042579 _c150.00 |
||
| 035 | _aB-741372 | ||
| 037 | _bGift | ||
| 082 | _aN | ||
| 100 | _aPrasad, Yarlagadda Lakshmi | ||
| 245 |
_aDraupadi / _cby Yarlagadda Lakshmi Prasad ; translated by K.V. Purneswara Rao |
||
| 260 |
_bSahitya Akademi _c2014 _aNew Delhi |
||
| 270 |
_aRabindra Bhavan, 35 Ferozshah Road _bNew Delhi _e110001 |
||
| 300 |
_axix, 259p. _c21cm(pbk) |
||
| 500 | _aSahitya Akademi award-winning Telugu novel | ||
| 942 |
_2ddc _cEN _mPRA _hN |
||